000 00585nam a2200205Ia 4500
005 20250923145837.0
008 008 250917s9999 xx 000 0 eng d
037 _aTextual
040 _aDSWL
_beng
_cDSWL
041 _aeng
_2eng
084 _aT:895(YX), N54
_qDSWL
100 _aGarrett, A.
_9839504
245 0 _aLearning through supervision
_c by A. Garrett
260 _aMassachustts
_bMassachustts Smith Collage of S.W.
_c1954
300 _aiv,109
365 _aGBP
_b2.25
925 _g2.25
942 _cTEXL
_hT:895(YX), N54
999 _c1456393
_d1456393